| 000 | 00510nam a2200193Ia 4500 | ||
|---|---|---|---|
| 008 | 191130s2009##################000#0#eng## | ||
| 020 | _a9781580422390 | ||
| 022 | _a2009937735 | ||
| 040 |
_aACL _cACL |
||
| 082 | _a795.27 JEN | ||
| 100 | _aJensen, Marten | ||
| 245 |
_aBig book of slots and video Poker _cMarten Jensen |
||
| 250 | _a2nd ed | ||
| 260 |
_aBrooklyn, NY _bCardoza Publishing _c2009 |
||
| 300 | _ap. cm | ||
| 990 | _a8cf44f1aac10000c61c2df49e94273e4 | ||
| 991 | _a328588 | ||
| 999 |
_c248541 _d248541 |
||